| 000 | 01393nam a2200241Ia 4500 | ||
|---|---|---|---|
| 999 |
_c36881 _d36881 |
||
| 001 | 2831 | ||
| 003 | GE_BSU | ||
| 005 | 20190919102748.0 | ||
| 008 | 181216s2009||||ge |||||||||||||| ||geo|| | ||
| 020 | _a9789941124549 | ||
| 040 | _cGE_BSU | ||
| 041 | _ageo | ||
| 080 | _a331.6(075.8) | ||
| 100 |
_aბერიძე, როსტომ _91686 |
||
| 245 |
_aადამიანური რესურსების მენეჯმენტი : _bსახელმძღვ. სტუდ. / _cროსტომ ბერიძე ; რედ. მელორ მშვიდობაძე . |
||
| 264 |
_aთბილისი : _bუნივერსალი, _c2009. |
||
| 300 |
_a198 გვ.: _bსქემ., ცხრ. ; _c20 სმ. |
||
| 504 | _a ბიბლიოგრ.: გვ. 196-198; დანართები: გვ. 177-195. | ||
| 653 | _aადამიანური რესურსების მართვა | ||
| 700 |
_aმშვიდობაძე, მელორ _eრედაქტორი _92362 |
||
| 710 |
_aშოთა რუსთაველის სახელმწ. უნ-ტი ; _bსოც. მეცნ., ბიზნესისა და სამართალმც. ფაკ. ; ეკონ. მეცნ. დეპარტამენტი, ბიზნესის სკოლა. _92363 |
||
| 942 |
_cBK _2udc |
||